000 00962nam a2200217Ii 4500
003 JO-AjNU
008 230605s9999||||xx |||||||||||||| ||und||
017 _a1989/5367
040 _aJO-AjNU
_bara
_erda
_cJO-AjNU
041 _aara
050 1 4 _aKRM 500.S26 1989
100 3 _aتأليف: السنهوري، عبدالرزاق احمد ؛ تنقيح واضافة: مصطفى محمد الفقي,
_eauthor
_944913
245 0 0 _aالوسيط في شرح القانون المدني : العقود الواردة على العمل : المقاولة والوكالة والوديعة والحراسة
250 _aط2 منقحة
264 3 1 _aالقاهرة: دار النهضة العربية ، 1989
300 _aمح1،ج7، 1252ص
_bيحتوي على فهرس من ص 1229-1252
336 _atext
_btxt
_2rdacontent
337 _aunmediated
_bn
_2rdamedia
338 _avolume
_bnc
_2rdacarrier
650 4 _aالقانون المدني - مصر
_944914
999 _aA19429
_c22997
_d22997